Účtovníctvo zbierka príkladov z účtovania v podnikoch služieb a cestovného ruchu

Saved in:
Bibliographic Details
Main Author: Kopšová, Albína
Corporate Author: Vysoká škola ekonomická v Bratislave. Fakulta ekonomiky služieb a cestovného ruchu v Banskej Bystrici
Other Authors: Remšíková, A.
Format: Book
Language:Slovak
Published: Bratislava Vysoká škola ekonomická 1983
Tags: Add Tag
No Tags, Be the first to tag this record!

MARC

LEADER 00000nam a2200000 4500
001 c135094
005 20190109124652.5
041 0 |a slo 
044 |a SK 
245 1 0 |a Účtovníctvo  |b zbierka príkladov z účtovania v podnikoch služieb a cestovného ruchu  |c Albína Kopšová, A. Remšíková 
264 1 |a Bratislava  |b Vysoká škola ekonomická  |c 1983 
300 |a 130 s. 
100 1 |a Kopšová, Albína 
700 1 |a Remšíková, A. 
710 2 |a Vysoká škola ekonomická v Bratislave. Fakulta ekonomiky služieb a cestovného ruchu v Banskej Bystrici